LEADER 00809nam0-2200277 --450 001 9910507905603321 005 20211123171417.0 100 $a20211123d1956----kmuy0itay5050 ba 101 $alat 102 $aDE 105 $a 001yy 200 1 $aPompei Trogi Fragmenta$fcollegit Otto Seel 210 $aLipsiae$cin aedibus B.G. Teubneri$d1956 215 $aXXIII, 208 p.$d21 cm. 225 1 $aBibliotheca scriptorum Graecorum et Romanorum Teubneriana 517 1 $aFragmenta 676 $a878.01$v19 700 1$aTrogus,$bPompeius$0186595 702 1$aSeel,$bOtto 801 0$aIT$bUNINA$gREICAT$2UNIMARC 901 $aBK 912 $a9910507905603321 952 $aP2B 640 TEUB POMPEIUS TR. 200A 1956$b29103$fFLFBC 959 $aFLFBC 996 $aPompei Trogi Fragmenta$92430182 997 $aUNINA LEADER 01510nam 2200409 450 001 9910819191803321 005 20181215165900.0 010 $a1-4758-2172-7 035 $a(CKB)4100000006994258 035 $a(MiAaPQ)EBC5500225 035 $a(PPN)236312375 035 $a(EXLCZ)994100000006994258 100 $a20190228d2018 uy 0 101 0 $aeng 135 $aurcnu|||||||| 181 $ctxt$2rdacontent 182 $cc$2rdamedia 183 $acr$2rdacarrier 200 00$aHandbook of comparative education law$hVolume 3$iSelected European nations /$fedited by Charles J. Russo 210 1$aLanham, Maryland :$cRowman & Littlefield,$d[2018] 210 4$dİ2018 215 $a1 online resource (xv, 171 pages) 311 $a1-4758-2170-0 311 $a1-4758-2171-9 320 $aIncludes bibliographical references and index. 327 $aIreland / Oliver Mahon, Dympna Glendenning -- The Netherlands / Pieter W.A. Huisman, Stefan Philipsen -- Poland / Maria Stoz?ek, Marta Ponikowska -- Russia / Maria Smirnova -- Spain / Santiago Can?amares Arribas, Javier Garci?a Oliva -- Analysis and reflections / Charles J. Russo. 606 $aEducational law and legislation$zEurope 615 0$aEducational law and legislation 676 $a344.407 702 $aRusso$b Charles J. 801 0$bMiAaPQ 801 1$bMiAaPQ 801 2$bMiAaPQ 906 $aBOOK 912 $a9910819191803321 996 $aHandbook of comparative education law$93927927 997 $aUNINA LEADER 02851nam 22006615 450 001 9910590090003321 005 20230810175511.0 010 $a9783031079269$b(electronic bk.) 010 $z9783031079252 024 7 $a10.1007/978-3-031-07926-9 035 $a(MiAaPQ)EBC7077449 035 $a(Au-PeEL)EBL7077449 035 $a(CKB)24739755800041 035 $a(DE-He213)978-3-031-07926-9 035 $a(EXLCZ)9924739755800041 100 $a20220824d2022 u| 0 101 0 $aeng 135 $aurcnu|||||||| 181 $ctxt$2rdacontent 182 $cc$2rdamedia 183 $acr$2rdacarrier 200 10$aEveryday Life in the Postmodern World $eAn Introduction to Cultural Studies /$fby Arthur Asa Berger 205 $a1st ed. 2022. 210 1$aCham :$cSpringer International Publishing :$cImprint: Springer,$d2022. 215 $a1 online resource (175 pages) 225 1 $aSpringer Texts in Social Sciences,$x2730-6143 311 08$aPrint version: Berger, Arthur Asa Everyday Life in the Postmodern World Cham : Springer International Publishing AG,c2022 9783031079252 330 $aThis introductory textbook familiarizes students with ideas of key thinkers and perspectives related to postmodern thought and everyday life. The book is unique in that it offers selections from key passages of works of important thinkers as well as from some of the author's own publications that serve as examples of how to interpret various aspects of culture. The book draws in readers with its engaging and conversational style and use of cases, illustrations and photographs, including fun discussions on everyday life under pandemic restrictions. This is a must read for students taking courses in sociology, cultural anthropology, culture and media studies, linguistics, social philosophy, and for specific courses on postmodernism. 410 0$aSpringer Texts in Social Sciences,$x2730-6143 606 $aCulture 606 $aCommunication 606 $aSociology$xPhilosophy 606 $aEthnology 606 $aSemiotics 606 $aSociology of Culture 606 $aMedia and Communication 606 $aPhilosophy of Sociology 606 $aSociocultural Anthropology 606 $aSemiotics 615 0$aCulture. 615 0$aCommunication. 615 0$aSociology$xPhilosophy. 615 0$aEthnology. 615 0$aSemiotics. 615 14$aSociology of Culture. 615 24$aMedia and Communication. 615 24$aPhilosophy of Sociology. 615 24$aSociocultural Anthropology. 615 24$aSemiotics. 676 $a306.07 676 $a149.97 700 $aBerger$b Arthur Asa$f1933-$0320760 801 0$bMiAaPQ 801 1$bMiAaPQ 801 2$bMiAaPQ 912 $a9910590090003321 996 $aEveryday Life in the Postmodern World$92908452 997 $aUNINA LEADER 03075oas 22012613a 450 001 9910894500503321 005 20260218111400.0 035 $a(DE-599)ZDB2900321-0 035 $a(OCoLC)49909029 035 $a(CONSER) 2002214250 035 $a(CKB)3710000000586862 035 $a(DE-599)2900321-0 035 $a(DE-599)2089789-3 035 $a(EXLCZ)993710000000586862 100 $a20020603b19982010 sy a 101 0 $aeng 135 $aurcnu|||||||| 181 $ctxt$2rdacontent 182 $cc$2rdamedia 183 $acr$2rdacarrier 200 10$aJALA 210 $aCharlottesville, Va. $cAssociation for Laboratory Automation 311 08$a1535-5535 517 1 $aJournal of the Association for Laboratory Automation 531 0 $aJALA 606 $aMedical laboratory technology$vPeriodicals 606 $aLaboratories$xEquipment and supplies$vPeriodicals 606 $aTechnology 606 $aMedicine 606 $aAutomation 606 $aMe?decine$xLaboratoires$xTechnique$vPe?riodiques 606 $aAutomatisation 606 $aautomation$2aat 606 $aLaboratories$xEquipment and supplies$2fast$3(OCoLC)fst00990356 606 $aMedical laboratory technology$2fast$3(OCoLC)fst01014300 608 $aPeriodical. 608 $aperiodicals.$2aat 608 $aPeriodicals.$2fast 608 $aPeriodicals.$2lcgft 608 $aPe?riodiques.$2rvmgf 615 0$aMedical laboratory technology 615 0$aLaboratories$xEquipment and supplies 615 2$aTechnology. 615 2$aMedicine. 615 2$aAutomation. 615 6$aMe?decine$xLaboratoires$xTechnique 615 6$aAutomatisation. 615 7$aautomation. 615 7$aLaboratories$xEquipment and supplies. 615 7$aMedical laboratory technology. 676 $a317 712 02$aAssociation for Laboratory Automation 801 0$bNSD 801 1$bNSD 801 2$bOCLCQ 801 2$bDLC 801 2$bOCLCQ 801 2$bCGU 801 2$bKSU 801 2$bOCLCQ 801 2$bOCLCS 801 2$bHEBIS 801 2$bDEBBG 801 2$bAGL 801 2$bHNK 801 2$bOCLCQ 801 2$bAGL 801 2$bOCLCF 801 2$bOCLCO 801 2$bVT2 801 2$bOCLCQ 801 2$bOCLCO 801 2$bOCLCQ 801 2$bOCLCO 801 2$bOCLCQ 801 2$bDLC 801 2$bCOO 801 2$bOCLCO 801 2$bOCLCA 801 2$bU3W 801 2$bOCLCO 801 2$bOCLCA 801 2$bREB 801 2$bOCLCO 801 2$bEZC 801 2$bUKMGB 801 2$bWYU 801 2$bOCLCO 801 2$bAU@ 801 2$bOCLCO 801 2$bOCLCA 801 2$bNJT 801 2$bSFB 801 2$bOCLCQ 801 2$bOCLCO 801 2$bCASUM 801 2$bOCLCQ 801 2$bAUD 801 2$bOCLCL 801 2$bCNMTR 801 2$bLGG 801 2$bLVT 801 2$bLIP 801 2$bOCLCQ 906 $aJOURNAL 912 $a9910894500503321 996 $aJALA$94231736 997 $aUNINA